Fenwick Elliott Annual review 2016-2017 $[ electronic resource] (Record no. 116046)

MARC details
000 -LEADER
fixed length control field 01957cam a22002535a 4500
001 - CONTROL NUMBER
control field L159610
008 - FIXED-LENGTH DATA ELEMENTS--GENERAL INFORMATION
fixed length control field 101115s2016 xxk f 000 0 eng d
035 ## - SYSTEM CONTROL NUMBER
System control number (Sirsi) u159610
041 0# - LANGUAGE CODE
Language code of text/sound track or separate title eng
050 04 - LIBRARY OF CONGRESS CALL NUMBER
Classification number 692.8 $2 18
110 2# - MAIN ENTRY--CORPORATE NAME
Corporate name or jurisdiction name as entry element Fenwick Elliott
9 (RLIN) 5892
245 00 - TITLE STATEMENT
Title Fenwick Elliott Annual review 2016-2017 $[ electronic resource]
250 ## - EDITION STATEMENT
Edition statement 20th ed.
260 ## - PUBLICATION, DISTRIBUTION, ETC.
Place of publication, distribution, etc. London
Name of publisher, distributor, etc. Fenwick Elliott
Date of publication, distribution, etc. [2016]
300 ## - PHYSICAL DESCRIPTION
Extent 52p.
520 ## - SUMMARY, ETC.
Summary, etc. Provides a summary of recent developments in the construction, engineering and energy.
520 ## - SUMMARY, ETC.
Summary, etc. Focuses on the ever-increasing importance of the impact of artificial intelligence and the digital big bang. It looks at the continued march forward of BIM and the contractual safeguards that need to be put in place to work with BIM. It reviews the impact of the Arnold v Britton and Marks & Spencer v BNP Paribas cases and look at the outcome of the Supreme Court?s review about liquidated damages. It reflects on the question of whether or not a prohibition on oral variations can ever be overridden and it reminds you of just how easy it is to sign up to personal guarantees, but how hard it is to try and extricate yourself from having done so. To complement their office in Dubai, the Review has an international flavour and it comments on the Dubai courts which have been considering whether or not an Engineer?s Decision under the FIDIC form is a contractual precondition to the right to bring an arbitration claim. It also provides an update on adjudication, takes a look at the impartiality of adjudicators and arbitrators, considers guarantees and looks at the extent to which the UK courts embrace the principle of good faith.
590 ## - LOCAL NOTE (RLIN)
Local note KA
651 #4 - SUBJECT ADDED ENTRY--GEOGRAPHIC NAME
Geographic name England and Wales
Chronological subdivision 1543-
690 ## - LOCAL SUBJECT ADDED ENTRY--TOPICAL TERM (OCLC, RLIN)
Topical term or geographic name as entry element BUILT ENVIRONMENT
700 1# - ADDED ENTRY--PERSONAL NAME
Personal name Glover, Jeremy
Relator term Editor
856 48 - ELECTRONIC LOCATION AND ACCESS
Uniform Resource Identifier <a href="https://www.fenwickelliott.com/research-insight/annual-review/2016">https://www.fenwickelliott.com/research-insight/annual-review/2016</a>
Public note View the review at www.fenwickelliott.com.
942 ## - ADDED ENTRY ELEMENTS (KOHA)
Suppress in OPAC 0
Holdings
Withdrawn status Lost status Source of classification or shelving scheme Damaged status Not for loan Home library Current library Shelving location Date acquired Total Checkouts Full call number Barcode Date last seen Copy number Price effective from Koha item type
    Dewey Decimal Classification     Virtual Virtual Online 20/11/2017   ONLINE PUBLICATION 159610-2001 06/08/2019 1 06/08/2019 Book